| 000 | 00349nam a2200133Ia 4500 | ||
|---|---|---|---|
| 008 | 210430s9999 xx 000 0 und d | ||
| 020 | _a2.24122422243224E+15 | ||
| 082 | _a530.415 S5391 D | ||
| 100 | _aPaul G.Shewmon | ||
| 245 |
_aDiffusion In Solids _cPaul G.Shewmon |
||
| 260 |
_aLondon _bMcGraw-Hill _c2010 |
||
| 300 | _a203p | ||
| 942 |
_cBK _2ddc |
||
| 999 |
_c563329 _d563329 |
||